Discain Project Services Ltd v Opecprime Developments Ltd (Record no. 101568)
[ view plain ]
| 000 -LEADER | |
|---|---|
| fixed length control field | 01533cam a2200253 4500 |
| 001 - CONTROL NUMBER | |
| control field | X113989 |
| 008 - FIXED-LENGTH DATA ELEMENTS--GENERAL INFORMATION | |
| fixed length control field | 000000n2001 000 0 eng u |
| 035 ## - SYSTEM CONTROL NUMBER | |
| System control number | (Sirsi) u113990 |
| 245 ## - TITLE STATEMENT | |
| Title | Discain Project Services Ltd v Opecprime Developments Ltd |
| 260 ## - PUBLICATION, DISTRIBUTION, ETC. | |
| Date of publication, distribution, etc. | 2001 |
| 490 ## - SERIES STATEMENT | |
| Series statement | Building Law Reports |
| Volume/sequential designation | 6 [2001] 285-296(12) |
| 520 ## - SUMMARY, ETC. | |
| Summary, etc. | TCC 11 April 2001. Adjudication - Housing Grants, Construction and Regeneration Act 1996 - Scheme for Construction Contracts (England and Wales) Regulations 1998 - Bias - Natural justice - Unilateral discussions between applicant and adjudicator - Danger of bias - Whether court should enforce award. Copy of judgement available on http://porch.ccta.gov.uk/courtser/judgements.nsf/Search/EF755F9F752FDE1F80256A34005BC423?OpenDocument |
| 650 ## - SUBJECT ADDED ENTRY--TOPICAL TERM | |
| Topical term or geographic name entry element | MANAGEMENT-DISPUTE AVOIDANCE, MANAGEMENT AND RESOLUTION-DISPUTE MANAGEMENT AND RESOLUTION-ALTERNATIVE DISPUTE RESOLUTION-ADJUDICATION |
| 650 ## - SUBJECT ADDED ENTRY--TOPICAL TERM | |
| Topical term or geographic name entry element | MANAGEMENT-DISPUTE AVOIDANCE, MANAGEMENT AND RESOLUTION-DISPUTE MANAGEMENT AND RESOLUTION-ALTERNATIVE DISPUTE RESOLUTION-ADJUDICATION-ADJUDICATORS |
| 650 ## - SUBJECT ADDED ENTRY--TOPICAL TERM | |
| Topical term or geographic name entry element | BIAS |
| 650 ## - SUBJECT ADDED ENTRY--TOPICAL TERM | |
| Topical term or geographic name entry element | COMMUNICATION |
| 650 ## - SUBJECT ADDED ENTRY--TOPICAL TERM | |
| Topical term or geographic name entry element | DISCAIN PROJECT SERVICES LTD V OPECPRIME DEVELOPMENT LTD |
| 650 ## - SUBJECT ADDED ENTRY--TOPICAL TERM | |
| Topical term or geographic name entry element | IMPARTIALITY |
| 650 ## - SUBJECT ADDED ENTRY--TOPICAL TERM | |
| Topical term or geographic name entry element | NATURAL JUSTICE |
| 650 ## - SUBJECT ADDED ENTRY--TOPICAL TERM | |
| Topical term or geographic name entry element | TELEPHONES |
| 690 ## - LOCAL SUBJECT ADDED ENTRY--TOPICAL TERM (OCLC, RLIN) | |
| Topical term or geographic name as entry element | MANGEMENT-DISPUTE AVOIDANCE, MANAGEMENT AND RESOLUTION-DISPUTE MANAGEMENT AND RESOLUTION |
| 856 ## - ELECTRONIC LOCATION AND ACCESS | |
| Uniform Resource Identifier | <a href="https://porch.ccta.gov.uk/courtser/judgements.nsf/Search/EF755F9F752FDE1F80256A34005BC423?OpenDocument">https://porch.ccta.gov.uk/courtser/judgements.nsf/Search/EF755F9F752FDE1F80256A34005BC423?OpenDocument</a> |
| 942 ## - ADDED ENTRY ELEMENTS (KOHA) | |
| Suppress in OPAC | 0 |
| Withdrawn status | Lost status | Source of classification or shelving scheme | Damaged status | Not for loan | Home library | Current library | Shelving location | Date acquired | Total Checkouts | Full call number | Barcode | Date last seen | Copy number | Price effective from | Koha item type |
|---|---|---|---|---|---|---|---|---|---|---|---|---|---|---|---|
| Dewey Decimal Classification | London | London | Journal article | 07/08/2001 | X113989 | 113990-1001 | 06/08/2019 | 1 | 06/08/2019 | Law report |